<?xml version="1.0" encoding="UTF-8"?>
<record
    xmlns:xsi="http://www.w3.org/2001/XMLSchema-instance"
    xsi:schemaLocation="http://www.loc.gov/MARC21/slim http://www.loc.gov/standards/marcxml/schema/MARC21slim.xsd"
    xmlns="http://www.loc.gov/MARC21/slim">

  <leader>01362nam2a22002531  4500</leader>
  <controlfield tag="001">RU\NLR\INFOCOMM16\1000075909</controlfield>
  <controlfield tag="005">20260406024005.0</controlfield>
  <datafield tag="035" ind1=" " ind2=" ">
    <subfield code="a">(NLR Aleph) 002527115</subfield>
  </datafield>
  <datafield tag="090" ind1=" " ind2=" ">
    <subfield code="a">2815729</subfield>
    <subfield code="c">2815729</subfield>
  </datafield>
  <datafield tag="100" ind1=" " ind2=" ">
    <subfield code="a">20040423d1979    |||y0rusy50      ca</subfield>
  </datafield>
  <datafield tag="101" ind1="0" ind2=" ">
    <subfield code="a">rus</subfield>
  </datafield>
  <datafield tag="102" ind1=" " ind2=" ">
    <subfield code="a">RU</subfield>
  </datafield>
  <datafield tag="105" ind1=" " ind2=" ">
    <subfield code="a">y   |||||||||</subfield>
  </datafield>
  <datafield tag="200" ind1="1" ind2=" ">
    <subfield code="a">&#x424;&#x438;&#x440;&#x43C;&#x435;&#x43D;&#x43D;&#x430;&#x44F; &#x43B;&#x438;&#x442;&#x435;&#x440;&#x430;&#x442;&#x443;&#x440;&#x430; &#x438; &#x43E;&#x43F;&#x44B;&#x442; &#x435;&#x435; &#x438;&#x441;&#x43F;&#x43E;&#x43B;&#x44C;&#x437;&#x43E;&#x432;&#x430;&#x43D;&#x438;&#x44F;</subfield>
    <subfield code="f">&#x413;.&#x421;. &#x422;&#x443;&#x43C;&#x430;&#x440;&#x438;&#x43D;&#x441;&#x43E;&#x43D;</subfield>
  </datafield>
  <datafield tag="210" ind1=" " ind2=" ">
    <subfield code="d">1979</subfield>
    <subfield code="a">&#x411;. &#x43C;.</subfield>
  </datafield>
  <datafield tag="461" ind1=" " ind2="0">
    <subfield code="1">001RU\NLR\INFOCOMM16\1000075901</subfield>
    <subfield code="1">2001#$a&#x41C;&#x435;&#x441;&#x442;&#x43D;&#x430;&#x44F; &#x43F;&#x440;&#x43E;&#x43C;&#x44B;&#x448;&#x43B;&#x435;&#x43D;&#x43D;&#x43E;&#x441;&#x442;&#x44C;$e&#x41D;&#x430;&#x443;&#x447;.-&#x442;&#x435;&#x445;&#x43D;. &#x440;&#x435;&#x444;. &#x441;&#x431;.$h&#x421;&#x435;&#x440;&#x438;&#x44F; 1$i&#x41E;&#x431;&#x449;&#x435;&#x43E;&#x442;&#x440;&#x430;&#x441;&#x43B;&#x435;&#x432;&#x44B;&#x435; &#x432;&#x43E;&#x43F;&#x440;&#x43E;&#x441;&#x44B; &#x43C;&#x435;&#x441;&#x442;&#x43D;&#x43E;&#x439; &#x43F;&#x440;&#x43E;&#x43C;&#x44B;&#x448;&#x43B;&#x435;&#x43D;&#x43D;&#x43E;&#x441;&#x442;&#x438;$f&#x41C;-&#x432;&#x43E; &#x43C;&#x435;&#x441;&#x442;. &#x43F;&#x440;&#x43E;&#x43C;-&#x441;&#x442;&#x438; &#x420;&#x421;&#x424;&#x421;&#x420;. &#x426;&#x411;&#x41D;&#x422;&#x418;$v1979, &#x412;&#x44B;&#x43F;.1</subfield>
    <subfield code="9">2815661</subfield>
    <subfield code="c">&#x41C;.</subfield>
    <subfield code="d">1969-</subfield>
    <subfield code="f">&#x41C;-&#x432;&#x43E; &#x43C;&#x435;&#x441;&#x442;. &#x43F;&#x440;&#x43E;&#x43C;-&#x441;&#x442;&#x438; &#x420;&#x421;&#x424;&#x421;&#x420;. &#x426;&#x411;&#x41D;&#x422;&#x418;</subfield>
    <subfield code="h">&#x421;&#x435;&#x440;&#x438;&#x44F; 1</subfield>
    <subfield code="i">&#x41E;&#x431;&#x449;&#x435;&#x43E;&#x442;&#x440;&#x430;&#x441;&#x43B;&#x435;&#x432;&#x44B;&#x435; &#x432;&#x43E;&#x43F;&#x440;&#x43E;&#x441;&#x44B; &#x43C;&#x435;&#x441;&#x442;&#x43D;&#x43E;&#x439; &#x43F;&#x440;&#x43E;&#x43C;&#x44B;&#x448;&#x43B;&#x435;&#x43D;&#x43D;&#x43E;&#x441;&#x442;&#x438;</subfield>
    <subfield code="o">&#x41D;&#x430;&#x443;&#x447;.-&#x442;&#x435;&#x445;&#x43D;. &#x440;&#x435;&#x444;. &#x441;&#x431;.</subfield>
    <subfield code="t">&#x41C;&#x435;&#x441;&#x442;&#x43D;&#x430;&#x44F; &#x43F;&#x440;&#x43E;&#x43C;&#x44B;&#x448;&#x43B;&#x435;&#x43D;&#x43D;&#x43E;&#x441;&#x442;&#x44C;</subfield>
    <subfield code="x">0136-5738</subfield>
    <subfield code="v">1979, &#x412;&#x44B;&#x43F;.1</subfield>
  </datafield>
  <datafield tag="700" ind1=" " ind2="1">
    <subfield code="4">070</subfield>
    <subfield code="a">&#x422;&#x443;&#x43C;&#x430;&#x440;&#x438;&#x43D;&#x441;&#x43E;&#x43D;</subfield>
    <subfield code="b">&#x413;. &#x421;.</subfield>
    <subfield code="f">1935-2015</subfield>
    <subfield code="g">&#x413;&#x435;&#x43D;&#x440;&#x438;&#x445; &#x421;&#x430;&#x443;&#x43B;&#x43E;&#x432;&#x438;&#x447;</subfield>
    <subfield code="3">RU\NLR\AUTH\77125543</subfield>
    <subfield code="9">108468</subfield>
  </datafield>
  <datafield tag="801" ind1=" " ind2="1">
    <subfield code="a">RU</subfield>
    <subfield code="b">InfoComm</subfield>
    <subfield code="c">20040423</subfield>
  </datafield>
  <datafield tag="801" ind1=" " ind2="0">
    <subfield code="a">RU</subfield>
    <subfield code="b">NLR</subfield>
    <subfield code="g">PSBO</subfield>
  </datafield>
  <datafield tag="852" ind1=" " ind2=" ">
    <subfield code="a">NLR</subfield>
    <subfield code="j">&#x41F;10/4396</subfield>
  </datafield>
  <datafield tag="942" ind1=" " ind2=" ">
    <subfield code="c">ISSUE</subfield>
  </datafield>
  <datafield tag="980" ind1=" " ind2=" ">
    <subfield code="a">NB</subfield>
  </datafield>
  <datafield tag="980" ind1=" " ind2=" ">
    <subfield code="a">RUSPER</subfield>
  </datafield>
</record>
